000 00527nam a2200205Ia 4500
005 20230301121408.0
008 131103s9999 xx 000 0 und d
040 _aLoreto College
041 _aEnglish
082 _a822.32
_bLEV
100 _aLevin, Harry
245 _aChristopher Marlowe
_b the overreacher
_cHarry Levin
260 _aLondon
_bFaber
_c1956
300 _a231 p.
504 _aIncludes index
650 _aEnglish Drama
651 _aMarlowe, Christopher - Criticism
850 _aLCLIB
942 _cBK
999 _c6763
_d57242